000 00981nam0a22002291 4500
001 rc\4883260
005 20260407065757.0
035 _a(NLR Aleph) 008827576
090 _a8261590
_c8261590
100 _a20130426d1962 |||y0rusy50 ca
101 0 _arus
102 _aRU
105 _aa z |||||
200 1 _aИнструкция по термообработке абразивных изделий в 3-й туннельной печи ТИЛ-11-61
_e(Взамен инструкции 1959 г.)
_e[Утв. 20/III 1961 г.]
_fУпр. металлург. пром-сти. Челяб. электрометаллург. ком.
210 _aЧелябинск
_cБ. и.
_d1962
215 _a12 с., 1 л. черт.
_cчерт.
_d20
710 0 2 _aЧелябинский электрометаллургический комбинат
_9565010
_3RU\NLR\AUTH\8810033248
801 0 _aRU
_bNLR
_gpsbo
801 1 _aRU
_bELAR
_2rusmarc
852 _aNLR
_j62-4/10371
942 _cBOOK
980 _aNB